=LDR 00000nam 2200000 4500 =001 INLIS000000000054337 =990 ##$$a 61901128 =990 ##$$a 61901129 =005 20200122092528 =990 ##$$a 61901129 =990 ##$$a 61901128 =035 ##$$a 0010-0120000115 =007 ta =008 200122###########################0#ind## =020 ##$$a 978-602-7999-55-8 =082 ##$$a 028. 5 =084 ##$$a 028. 5 Fir a =100 #$$a Firmanda =245 1#$$a Asal-usul pelangi /$c Firmanda =260 ##$$a Jakarta :$b Zettu,$c 2013 =300 ##$$a iv, 104 hlm : $b ilus. ; $c 21 Cm. =600 #4$$a Bacaan kanak-kanak =990 ##$$a 04830483 =990 ##$$a 04830483 =990 ##$$a 61901128 =990 ##$$a 6202000483 =990 ##$$a 61901129 =990 ##$$a 61901128